000 00721nam#a22002775ar4500
001 65
008 050929s1997####ag#a###d|b###o||1#0cspa|d
245 1 0 _aVIH-Sida :
_b¿Qué Hacer? /
_cHermes Binner ... [et al.].
260 _aRosario :
_bHomo Sapiens,
_c1997.
300 _a50 p. :
_bil. ;
_c20 cm.
490 0 _aProblemas sociales complejos en la escuela
100 1 _aBinner, Hermes.
700 1 _aGerlero, Sandra.
700 1 _aBruera, Matielde.
080 _a616.97
084 _aP87
653 _aTrabajo preventivo
653 _aSalud
653 _aEnfermedad
653 _aPreservativo
653 _aBiología
040 _aAR-ClEAG
_cAR-ClEAG
005 20241107184623.0
003 AR-ClEAG
942 _cBK
999 _c65
_d65
980 _62
_aEvangelina Gallicchio
_82
_gEvangelina Gallicchio